| 000 | 00391nam a2200145Ia 4500 | ||
|---|---|---|---|
| 008 | 210210b1982 xxu||||| |||| 00| 0 eng d | ||
| 082 | _a658.8 KACM | ||
| 100 | _aKACKER (Madhav). | ||
| 245 | _aMarketing and economic development. | ||
| 260 |
_aNew Delhi. _bDeep & Deep Publications., _c1982 |
||
| 300 | _a319 | ||
| 650 | _aMarketing | ||
| 690 | _aMarketing Management | ||
| 906 | _aSG02663 | ||
| 999 |
_c113709 _d113709 |
||